000 01012nam a22001817a 4500
005 20240604170305.0
010 _aHIN-127323
020 _a9789355001313
_c699.00
035 _aHN-99669
037 _bDBAD
082 _a
100 _aकौल, क्षमा
_967369
245 _aउन दिनों कश्मीर/
_cक्षमा कौल
260 _aमहाराष्ट्र ,दिल्ली
_bप्रलेक प्रकाशन प्रा. लि.
_c2022
270 _aमुख्य कार्यालय: 702, जे-50, ग्लोबल सिटी, विरार (वेस्ट), मुम्बई, महाराष्ट्र-401303
_aदिल्ली कार्यालय : ए-107 जैतपुर एक्स., पार्ट-1, बदरपुर, नई दिल्ली-110044
_k7021263557
_mpralek.prakashan@gmail.com
300 _a316पृ.
_c22 सेमी (सजिल्द)
942 _2ddc
_cHN
_h
_mकौलक्ष
999 _c202105
_d202105